| 000 | 00550nam a2200193Ia 4500 | ||
|---|---|---|---|
| 003 | SISC | ||
| 005 | 20241115104703.0 | ||
| 008 | 181126s9999 xx 000 0 und d | ||
| 020 | _a9789710097456 | ||
| 050 |
_aBV 4529 _b.T161 2017 |
||
| 082 |
_aTR 649.1 _bT161 2017 |
||
| 100 | _aTan-Chi. Peter and Deonna | ||
| 245 |
_cPeter and Deonna Tan-Chi _aMotivate: _b8 secret of successful parenting/ |
||
| 260 |
_aManila : _bOMF Literature Inc. _c2017 |
||
| 300 |
_ax, 233 pages : _c21 cm. |
||
| 650 | _aParenting | ||
| 942 |
_2lcc _cBK |
||
| 999 |
_c359485 _d359485 |
||